Czechoslovak Economic Papers 26

Salvato in:
Dettagli Bibliografici
Natura: Libro
Lingua:inglese
Pubblicazione: Prague Academia 1989
Edizione:1. ed.
Tags: Aggiungi Tag
Nessun Tag, puoi essere il primo ad aggiungerne!!

MARC

LEADER 00000nam a2200000 4500
001 c032258
005 20221215113522.7
041 0 |a eng 
044 |a CZ 
245 1 0 |a Czechoslovak Economic Papers 26 
250 |a 1. ed. 
264 1 |a Prague  |b Academia  |c 1989 
300 |a 121 s.